[Event "World op 37th"]
[Site "Philadelphia"]
[Date "2009.06.29"]
[Round "1"]
[White "Freix, Andrew J"]
[Black "Rensch, Daniel"]
[Result "0-1"]
[WhiteElo "1972"]
[BlackElo "2399"]
[PlyCount "94"]
[EventDate "2009.06.29"]
[EventType "swiss"]
[EventRounds "9"]
[EventCountry "USA"]
[SourceTitle "CBM 131 Extra"]
[Source "ChessBase"]
[SourceDate "2009.09.03"]
[SourceVersion "2"]
[SourceVersionDate "2009.09.16"]
[SourceQuality "1"]

1. e4 c5 2. Nf3 d6 3. d4 cxd4 4. Nxd4 Nf6 5. Nc3 a6 6. Be2 e6 7. Bg5 Be7 8. Qd2 b5 9. Bf3 Ra7 10. Be3 Rd7 11. a4 b4 12. Nce2 Bb7 13. 0-0 Bxe4 14. Bxe4 Nxe4 15. Qxb4 d5 16. Qb3 0-0 17. c4 e5 18. Nf3 d4 19. Bc1 d3 20. Nc3 d2 21. Nd5 dxc1Q 22. Raxc1 Nc6 23. Rfd1 Bc5 24. Rc2 Nd4 25. Nxd4 Bxd4 26. Qf3 Nf6 27. Nxf6+ Qxf6 28. Qg4 Qe6 29. Qe2 a5 30. c5 Rb8 31. c6 Rc7 32. Qa6 Qb3 33. Rdc1 Qb6 34. Qc4 h6 35. h3 Qb3 36. Qe2 Qxa4 37. Kh2 Qb5 38. Qf3 a4 39. Qa3 Rbc8 40. Qd6 Bxb2 41. Rc5 Qb6 42. R1c2 a3 43. Qd5 Qb4 44. R2c4 Qe1 45. Rc2 Bd4 46. Rb5 Bxf2 47. Qf3 Qg1# 0-1